[Event "TUR-ch (Women)"]
[Site "Antalya"]
[Date "2019.03.09"]
[Round "9"]
[White "Onbasi, Irem"]
[Black "Kaya, Sanem"]
[Result "1-0"]
[WhiteElo "1423"]
[BlackElo "1201"]
[PlyCount "39"]
[EventDate "2019.03.03"]
[EventType "swiss"]
[EventRounds "9"]
[EventCountry "TUR"]
[SourceTitle "CBM 189 Extra"]
[Source "ChessBase"]
[SourceDate "2019.06.03"]
[SourceVersion "1"]
[SourceVersionDate "2019.06.03"]
[SourceQuality "1"]

1. d4 d5 2. Nf3 Nf6 3. e3 Bg4 4. c4 Nc6 5. Bd3 e5 6. cxd5 Qxd5 7. Nc3 Bb4 8. Be2 Ne4 9. Bd2 Nxc3 10. Bxc3 Bxf3 11. Bxf3 e4 12. Be2 Bxc3+ 13. bxc3 Qg5 14. 0-0 0-0 15. Qb1 Rab8 16. Qxe4 Rfe8 17. Qc2 Re6 18. Rab1 b6 19. Rb5 Qf6 20. d5 1-0

[Event "TUR-ch (Women)"]
[Site "Antalya"]
[Date "2019.03.08"]
[Round "8"]
[White "Celik, Eylul"]
[Black "Onbasi, Irem"]
[Result "1-0"]
[WhiteElo "1963"]
[BlackElo "1423"]
[PlyCount "71"]
[EventDate "2019.03.03"]
[EventType "swiss"]
[EventRounds "9"]
[EventCountry "TUR"]
[SourceTitle "CBM 189 Extra"]
[Source "ChessBase"]
[SourceDate "2019.06.03"]
[SourceVersion "1"]
[SourceVersionDate "2019.06.03"]
[SourceQuality "1"]

1. d4 d5 2. Bf4 Nf6 3. e3 c5 4. c3 e6 5. Nf3 Nc6 6. Nbd2 Bd6 7. Bg3 0-0 8. Bd3 b6 9. Ne5 Bb7 10. f4 Ne7 11. Qf3 Nf5 12. Bf2 Be7 13. g4 Nd6 14. Qh3 Nfe4 15. g5 Qc8 16. Qg2 Rb8 17. h4 c4 18. Bc2 b5 19. h5 f6 20. Ng6 Re8 21. Nxe7+ Rxe7 22. Nxe4 Nxe4 23. Bxe4 dxe4 24. gxf6 Rf7 25. fxg7 Rxg7 26. Qh3 Bd5 27. Ke2 b4 28. Be1 a5 29. Bd2 Rbb7 30. h6 Rg6 31. Rag1 Qe8 32. f5 Rxg1 33. Rxg1+ Kf8 34. f6 bxc3 35. bxc3 Rf7 36. Qg3 1-0

[Event "TUR-ch (Women)"]
[Site "Antalya"]
[Date "2019.03.06"]
[Round "6"]
[White "Cetin, Defne Rengin1111"]
[Black "Onbasi, Irem"]
[Result "0-1"]
[WhiteElo "1142"]
[BlackElo "1423"]
[PlyCount "62"]
[EventDate "2019.03.03"]
[EventType "swiss"]
[EventRounds "9"]
[EventCountry "TUR"]
[SourceTitle "CBM 189 Extra"]
[Source "ChessBase"]
[SourceDate "2019.06.03"]
[SourceVersion "1"]
[SourceVersionDate "2019.06.03"]
[SourceQuality "1"]

1. e4 c6 2. d4 d5 3. Nc3 dxe4 4. Nxe4 Bf5 5. Bd3 Qxd4 6. Nf3 Qd8 7. 0-0 e6 8. Re1 Be7 9. Bf4 Bg6 10. Ne5 Nf6 11. Ng5 Bh5 12. f3 Qd4+ 13. Be3 Qxe5 14. f4 Qxe3+ 15. Rxe3 Bxd1 16. Rxd1 Bc5 17. Rde1 Ng4 18. Ne4 Bxe3+ 19. Rxe3 Nxe3 20. Kh1 Ke7 21. h3 Nd7 22. g4 Nf6 23. Ng3 Rad8 24. g5 Nfd5 25. Ne2 Nb4 26. a3 Nxd3 27. cxd3 Rxd3 28. Nc3 Rhd8 29. Kh2 Rd2+ 30. Kh1 Rxb2 31. Kg1 Rdd2 0-1

[Event "TUR Cup"]
[Site "Antalya"]
[Date "2019.01.30"]
[Round "6"]
[White "Onbasi, Irem"]
[Black "Temel, Mustafa"]
[Result "0-1"]
[WhiteElo "1439"]
[BlackElo "1621"]
[PlyCount "80"]
[EventDate "2019.01.27"]
[EventType "swiss"]
[EventRounds "11"]
[EventCountry "TUR"]
[SourceTitle "CBM 188 Extra"]
[Source "ChessBase"]
[SourceDate "2019.02.26"]
[SourceVersion "1"]
[SourceVersionDate "2019.02.26"]
[SourceQuality "1"]

1. d4 Nf6 2. Nf3 e6 3. e3 d5 4. Bd3 c6 5. c4 Bb4+ 6. Bd2 a5 7. a3 Bxd2+ 8. Nbxd2 dxc4 9. Nxc4 b5 10. Ncd2 Nbd7 11. Rc1 Bb7 12. Ne4 Nxe4 13. Bxe4 Rc8 14. 0-0 0-0 15. Qe2 h6 16. Rfd1 Qb6 17. Bd3 Ba6 18. a4 Ra8 19. b3 Nf6 20. Ne5 Rfc8 21. Nxc6 Nd5 22. Bxb5 Rxc6 23. Rxc6 Qxc6 24. Bxc6 Bxe2 25. Rb1 Rc8 26. Bxd5 exd5 27. f3 Rb8 28. e4 dxe4 29. fxe4 Bd3 30. Re1 Rxb3 31. d5 Kf8 32. d6 Ke8 33. e5 Rb1 34. Rxb1 Bxb1 35. Kf2 Bc2 36. Ke3 Bxa4 37. Kd4 Kd7 38. Kc5 Ke6 39. Kb6 Bd7 40. Kxa5 Kxe5 0-1

[Event "TUR-chT"]
[Site "Ankara"]
[Date "2018.07.27"]
[Round "3.6"]
[White "Onbasi, Irem"]
[Black "Ozbay, Ece"]
[Result "0-1"]
[WhiteElo "1427"]
[BlackElo "2140"]
[PlyCount "66"]
[EventDate "2018.07.25"]
[EventType "team-tourn"]
[EventRounds "13"]
[EventCountry "TUR"]
[SourceTitle "CBM 185 Extra"]
[Source "ChessBase"]
[SourceDate "2018.07.29"]
[SourceVersion "1"]
[SourceVersionDate "2018.07.29"]
[SourceQuality "1"]
[WhiteTeam "Bursa Buyuksehir"]
[BlackTeam "Hatay Buyuksehir"]
[WhiteTeamCountry "TUR"]
[BlackTeamCountry "TUR"]

1. d4 d5 2. c4 c6 3. cxd5 cxd5 4. Nc3 Nf6 5. Nf3 Nc6 6. Bf4 e6 7. e3 Bd6 8. Ne5 a6 9. Nxc6 bxc6 10. Bg3 0-0 11. Bd3 c5 12. dxc5 Bxc5 13. Qc2 Bb7 14. Rd1 Rc8 15. 0-0 h6 16. Qe2 Rc6 17. e4 Qa8 18. exd5 exd5 19. Bf5 Re8 20. Qd3 Ba7 21. Rfe1 Rb6 22. Rxe8+ Qxe8 23. b3 g6 24. Bh3 Rb4 25. Bd6 Rd4 26. Qf3 Rxd1+ 27. Qxd1 d4 28. Ne2 Ne4 29. Bg3 Nc3 30. Nxc3 dxc3 31. Bf4 c2 32. Qc1 Qe2 33. Bd2 Qd1+ 0-1

[Event "TUR-chT"]
[Site "Ankara"]
[Date "2018.07.26"]
[Round "2.1"]
[White "Sade, Defne"]
[Black "Onbasi, Irem"]
[Result "1/2-1/2"]
[WhiteElo "1954"]
[BlackElo "1427"]
[PlyCount "39"]
[EventDate "2018.07.25"]
[EventType "team-tourn"]
[EventRounds "13"]
[EventCountry "TUR"]
[SourceTitle "CBM 185 Extra"]
[Source "ChessBase"]
[SourceDate "2018.07.29"]
[SourceVersion "1"]
[SourceVersionDate "2018.07.29"]
[SourceQuality "1"]
[WhiteTeam "Deniz su Aquamatch"]
[BlackTeam "Bursa Buyuksehir"]
[WhiteTeamCountry "TUR"]
[BlackTeamCountry "TUR"]

1. e4 c6 2. d4 d5 3. e5 Bf5 4. Be2 e6 5. Nf3 Nd7 6. 0-0 Ne7 7. Nh4 Be4 8. f3 Bg6 9. Nc3 c5 10. Nb5 Nc6 11. Nxg6 hxg6 12. c4 Nb6 13. cxd5 Nxd5 14. Bc4 Rc8 15. Qb3 cxd4 16. Rd1 Bc5 17. Nd6+ Bxd6 18. Bxd5 Bxe5 19. Bxc6+ bxc6 20. f4 1/2-1/2

[Event "TUR-chT2"]
[Site "Konya"]
[Date "2017.07.15"]
[Round "9.9"]
[White "Onbasi, Irem"]
[Black "Yuce, Name"]
[Result "1/2-1/2"]
[WhiteElo "1292"]
[BlackElo "1569"]
[PlyCount "137"]
[EventDate "2017.07.09"]
[EventType "team-swiss"]
[EventRounds "9"]
[EventCountry "TUR"]
[SourceTitle "CBM 179 Extra"]
[Source "ChessBase"]
[SourceDate "2017.08.23"]
[SourceVersion "1"]
[SourceVersionDate "2017.08.23"]
[SourceQuality "1"]
[WhiteTeam "Uludag Univ"]
[BlackTeam "Anadolu Besiktasililar"]
[WhiteTeamCountry "TUR"]
[BlackTeamCountry "TUR"]

1. d4 d6 2. c4 c6 3. Nc3 Qc7 4. e4 e5 5. Nf3 Be7 6. Be3 Bg4 7. Be2 a6 8. a3 Bh5 9. Qc2 Bg6 10. h3 h5 11. 0-0 Nd7 12. Rfd1 d5 13. Nxe5 Nxe5 14. dxe5 dxe4 15. Nxe4 Qxe5 16. Bd3 Rd8 17. Rd2 f5 18. Ng3 Nf6 19. Bxf5 Bf7 20. Rxd8+ Bxd8 21. Bg6 0-0 22. Rd1 Bc7 23. Bxf7+ Kxf7 24. Bd4 Qe6 25. Qc3 Kg8 26. Re1 Qd7 27. Bc5 Rf7 28. Qe3 Kh7 29. Ne4 a5 30. Nc3 b5 31. cxb5 cxb5 32. Rd1 Qc8 33. Qd3+ g6 34. Qxb5 Qe6 35. Be3 Ne4 36. Na4 Ng3 37. Qd5 Ne2+ 38. Kf1 Ng3+ 39. Ke1 Qe8 40. Nc5 Re7 41. Qf3 Nf5 42. Rd3 Qb5 43. b4 Qc4 44. Rd7 Qc3+ 45. Kd1 Rxd7+ 46. Nxd7 Qd3+ 47. Ke1 Qxd7 48. Bc5 Qe6+ 49. Kd2 Qd7+ 50. Ke1 Be5 51. g4 Nh6 52. Qb3 Qb7 53. Ke2 Qb5+ 54. Qd3 Qe8 55. Kd1 Qa4+ 56. Qc2 Qxa3 57. Qe4 Qa4+ 58. Ke2 Qb5+ 59. Kd1 Qd7+ 60. Ke2 Bg7 61. f4 Qf7 62. Kf2 Qa2+ 63. Kg3 Bf6 64. Qb7+ Kh8 65. Qc8+ Qg8 66. Qxg8+ Kxg8 67. b5 g5 68. fxg5 Bxg5 69. b6 1/2-1/2

[Event "TUR-chT2"]
[Site "Konya"]
[Date "2017.07.12"]
[Round "6.12"]
[White "Hekimoglu, Mihriban"]
[Black "Onbasi, Irem"]
[Result "1-0"]
[WhiteElo "1378"]
[BlackElo "1292"]
[PlyCount "87"]
[EventDate "2017.07.09"]
[EventType "team-swiss"]
[EventRounds "9"]
[EventCountry "TUR"]
[SourceTitle "CBM 179 Extra"]
[Source "ChessBase"]
[SourceDate "2017.08.23"]
[SourceVersion "1"]
[SourceVersionDate "2017.08.23"]
[SourceQuality "1"]
[WhiteTeam "Koycegiz Su Sporlari"]
[BlackTeam "Uludag Univ"]
[WhiteTeamCountry "TUR"]
[BlackTeamCountry "TUR"]

1. d4 d5 2. c4 e6 3. Nc3 Nf6 4. Bf4 Be7 5. e3 0-0 6. Nf3 c5 7. Be2 Nbd7 8. 0-0 b6 9. cxd5 Nxd5 10. Nxd5 exd5 11. dxc5 Nxc5 12. Qd2 Ne4 13. Qd1 Bf6 14. Nd4 Bb7 15. Bf3 Nc5 16. Bg4 Re8 17. Rc1 Ne6 18. Bxe6 fxe6 19. Bg3 Ba6 20. Re1 Rc8 21. Qa4 Bc4 22. h3 e5 23. Nf3 a5 24. b3 b5 25. Qa3 b4 26. Qa4 Ba6 27. Rxc8 Bxc8 28. Qb5 Re6 29. Rd1 e4 30. Rxd5 Qf8 31. Nd4 Bxd4 32. Rxd4 h6 33. Qxa5 Ra6 34. Qc7 Kh7 35. Rd8 Qf6 36. Qxc8 Rxa2 37. Rh8+ Kg6 38. Qe8+ Qf7 39. Qxe4+ Qf5 40. Qxf5+ Kxf5 41. Rf8+ Ke6 42. Rf4 Ra1+ 43. Kh2 Ke7 44. Rxb4 1-0

[Event "TUR-ch U20"]
[Site "Canakkale"]
[Date "2016.07.02"]
[Round "8"]
[White "Ozgur, Isa"]
[Black "Onbasi, Irem"]
[Result "1-0"]
[WhiteElo "1722"]
[BlackElo "1310"]
[PlyCount "91"]
[EventDate "2016.06.27"]
[EventType "swiss"]
[EventRounds "9"]
[EventCountry "TUR"]
[SourceTitle "CBM 173 Extra"]
[Source "ChessBase"]
[SourceDate "2016.08.29"]
[SourceVersion "1"]
[SourceVersionDate "2016.08.29"]
[SourceQuality "1"]

1. d4 d5 2. c4 e6 3. Nf3 Be7 4. g3 Nf6 5. Bg2 Nbd7 6. 0-0 0-0 7. Qc2 c5 8. cxd5 Nxd5 9. a3 Rb8 10. e4 N5f6 11. Bf4 Ra8 12. dxc5 Nxc5 13. Rd1 Qb6 14. Nc3 Qb3 15. Qe2 Bd7 16. e5 Ne8 17. Rd4 Qb6 18. Rad1 Rd8 19. Be3 Bc6 20. Rxd8 Bxd8 21. Bxc5 Qxc5 22. Rxd8 Nc7 23. Rxf8+ Qxf8 24. Qc4 Qd8 25. Nd4 Bxg2 26. Kxg2 h6 27. Ne4 Qd5 28. Qxd5 Nxd5 29. Nd6 b6 30. b4 a6 31. Kf3 Kf8 32. Nc6 f6 33. exf6 gxf6 34. Ke4 Nc3+ 35. Kd3 Nd5 36. f4 f5 37. a4 Kg7 38. a5 b5 39. Nb7 Kf8 40. Nc5 Nc7 41. Kd4 Kf7 42. Nb8 Ke7 43. Nbxa6 Nxa6 44. Nxa6 Kd6 45. Nc5 Kc7 46. Nxe6+ 1-0